Hidon hamedinot shel Artzot Habrit - חידון המדינות של ארצות הברית - Statistics

General Stats
  • This quiz has been taken 770 times
  • The average score is 32 of 50
Answers on the Map
Answers color-coded by a green-red scale on the quiz's map according to % correct below.
 
Answer Stats
State % Correct
ניו יורק
95%
טקסס
92%
קליפורניה
90%
אלסקה
86%
פלורידה
83%
הוואי
81%
וושינגטון
81%
ניו מקסיקו
76%
ניו ג׳רזי
75%
אריזונה
73%
צפון דקוטה
72%
אלבמה
71%
נבדה
71%
אוהיו
71%
דרום דקוטה
71%
מיין
69%
ניו המפשייר
66%
וירג׳יניה
66%
מישיגן
65%
מונטנה
64%
צפון קרוליינה
64%
דרום קרוליינה
64%
ג׳ורג׳יה
62%
אורגון
62%
יוטה
62%
קולורדו
61%
פנסילבניה
61%
מיסיסיפי
60%
איידהו
59%
מסצ׳וסטס
59%
מרילנד
58%
אילינוי
56%
קנזס
56%
לואיזיאנה
55%
רוד איילנד
55%
דלאוור
53%
ויומינג
53%
טנסי
52%
ארקנסו
51%
קונטיקט
51%
מיזורי
51%
מערב וירג׳יניה
51%
אינדיאנה
50%
קנטקי
50%
מינסוטה
50%
אוקלהומה
49%
ויסקונסין
49%
נברסקה
46%
איווה
45%
ורמונט
45%
No matching quizzes found
Score Distribution
Percent of People with Each Score
Percentile by Number Answered
Your Score History
You have not taken this quiz